000 00948nam a2200265Ia 4500
003 OSt
005 20221005110905.0
006 a|||||r|||| 00| 0
007 ta
008 221004b |||||||| |||| 00| 0 hin d
020 _a9788126723454 (hbk)
_c250
024 _a12891
037 _b8178, 20/03/2014, Rajkamal Prakashan Pvt. Ltd.
_cTextual
040 _aCRL
_cCRL
_bhin
041 _2hin
_ahin
082 _aO152,6N276x, Q3
100 _aकुॅंवर नारायण
245 0 _aशब्द और देशकाल
246 _aShabda aur deshakāla
260 _aनई दिल्ली
_bराजकमल प्रकाशन भारत
_c2013
300 _a127पृ0
_ccm.
650 _aहिन्दी साहित्य
942 _hO152,6N276x, Q3
_cTEXL
_2cc
999 _c1020204
_d1020204